Word Ladder: White Knight Quiz Stats

Quiz Updated Dec 5, 2015

Also try: Word Ladder: Chess
Challenge
Share
Tweet
Embed
Score 0/30 Timer 03:00
0 Plays Today
Hint 5-Letter Word % Correct
Disney's 'Lady and the ____'TRAMP
97.2%
London streetcarsTRAMS
94%
Hang your head in ____SHAME
93.2%
Winning card suit TRUMP
92.9%
A piece of plum cakeSLICE
92.6%
Gets biggerGROWS
92%
Ravens cousinsCROWS
92%
Eats intently: ____ downCHOWS
90.3%
Frauds or pillow coversSHAMS
89.9%
♞ Lewis Carroll book with White Knight: ♞
♞ Through the Looking _____ ♞
♘ GLASS ♘
88.5%
MasticatesCHEWS
88.4%
Groups working togetherTEAMS
88.1%
♞ Lewis Carroll's heroine ♞
♞ 'rescued' by White Knight ♞
♘ ALICE ♘
88%
♞ White Knight was a player ♞
♞ in a giant _____ game ♞
♘ CHESS ♘
87.2%
A dozen dozensGROSS
85.1%
Hint 5-Letter Word % Correct
Shiny type of paperGLOSS
84.8%
SlipperySLICK
84.2%
Loose, as in reinsSLACK
83.3%
Crude dwellingSHACK
83.2%
Clothing lines?SEAMS
83.1%
Allotted proportionSHARE
82.4%
Social standingCLASS
82.1%
Unrefined: blunt and rudeCRASS
80.9%
♞ When he fell off his horse, White Knight ♞
♞ made more of a crash than a _____ ♞
♘ THUMP ♘
80.6%
Pungent salad greenCRESS
80.6%
This holds your upside-down bag closedCLASP
80.2%
♞ White Knight fought Red Knight; ♞
♞ and he emerged as the _____ ♞
♘ CHAMP ♘
76.9%
Gullible fellowCHUMP
76.6%
ViseCLAMP
76.4%
♞ White Knight invented anklets ♞
♞ to protect his horse from _____ bites ♞
♘ SHARK ♘
75.9%

Today's Daily Dose

You're not logged in!

Compare scores with friends on all Sporcle quizzes.
Sign Up with Email
OR
Log In

You Might Also Like...

Show Comments

Extras

Top Quizzes Today


Score Distribution

Your Account Isn't Verified!

In order to create a playlist on Sporcle, you need to verify the email address you used during registration. Go to your Sporcle Settings to finish the process.